PKO Ekstraklasa- Słowacy w sezonie 2020/2021 - Statystyki

Ogólne statystyki
  • Ten quiz został rozwiązany 192 razy
  • Średni wynik to 11 z 21
Statystyki odpowiedzi
Klub Pozycja Słowak % Poprawnych
Lechia Gdańsk Bramkarz Dusan Kuciak
87%
Górnik Zabrze Bramkarz Martin Chudy
75%
Lech Poznań Obrońca Lubomir Satka
74%
Piast Gliwice Bramkarz Frantisek Plach
72%
Podbeskidzie Bramkarz Michal Peskovic
70%
Cracovia Bramkarz Lukas Hrosso
69%
Cracovia Obrońca Michal Siplak
69%
Śląsk Wrocław Bramkarz Matus Putnocky
66%
Śląsk Wrocław Pomocnik/Napastnik Robert Pich
62%
Zagłębie Lubin Obrońca Lubomir Guldan
54%
Zagłębie Lubin Napastnik Samuel Mraz
50%
Piast Gliwice Obrońca Tomas Huk
50%
Podbeskidzie Bramkarz Martin Polacek
47%
Górnik Zabrze Pomocnik Roman Prochazka
47%
Cracovia Napastnik Tomas Vestenicky
42%
Lechia Gdańsk Pomocnik Jaroslav Mihalik
40%
Cracovia Pomocnik Milan Dimun
39%
Wisła Płock Pomocnik Filip Lesniak
38%
Piast Gliwice Obrońca Jakub Holubek
33%
Raków Częstochowa Bramkarz Branislav Pindroch
29%
Jagiellonia Obrońca Andrej Kadlec
24%
Nie znaleziono quizów pasujących do podanych kryteriów
Rozkład punktacji
Procent ludzi z każdym wynikiem
Percentyl według liczby udzielonych odpowiedzi
Twoja historia wyników
Nie rozwiązałeś tego quizu